Modern Indian History/ (Record no. 175042)

MARC details
000 -LEADER
fixed length control field 00595nam a22001937a 4500
005 - DATE AND TIME OF LATEST TRANSACTION
control field 20200805134520.0
010 ## - LCCN (DPL NO)
LC control number ENG-128309
020 ## - INTERNATIONAL STANDARD BOOK NUMBER
Terms of availability 525.00
International Standard Book Number 9789352836192
035 ## - SYSTEM CONTROL NUMBER
System control number EN-111841
037 ## - SOURCE OF ACQUISITION
Source of stock number/acquisition DBAD/PUB
082 ## - DEWEY DECIMAL CLASSIFICATION NUMBER
Classification number 954.09
100 ## - MAIN ENTRY--PERSONAL NAME
Personal name Mahajan, V D
245 ## - TITLE STATEMENT
Title Modern Indian History/
Statement of responsibility, etc by V D Mahajan
250 ## - EDITION STATEMENT
Edition statement 18th ed.
260 ## - PUBLICATION, DISTRIBUTION, ETC. (IMPRINT)
Place of publication, distribution, etc New Delhi
Name of publisher, distributor, etc S.Chand
Date of publication, distribution, etc 2020
270 ## - ADDRESS
Address Head Office:7361,Ram Nagar,Qutab Rord
City New Delhi
Postal code 110055
Telephone number 23672080
Fax number 91-11-23677446
Electronic mail address info@schandpublishing.com
300 ## - PHYSICAL DESCRIPTION
Extent xx;700p.
Dimensions 24cm(pbk)
942 ## - ADDED ENTRY ELEMENTS (KOHA)
Source of classification or shelving scheme Dewey Decimal Classification
Item type English Books
Classification part 954.09
Call number suffix MAH
Holdings
Withdrawn status Lost status Not for loan Collection code Home library Current library Date acquired Source of acquisition Cost, normal purchase price Full call number Barcode Copy number Cost, replacement price Koha item type
      Non-fiction Central Library Central Library 05/08/2020 DBAD/PUB 525.00 954.09 MAH EN-111841 1 525.00 English Books

© Delhi Public Library
Hit Counter
free hit counter